<?xml version="1.0" encoding="UTF-8"?>
<marc:record xmlns:marc="http://www.loc.gov/MARC21/slim">
   <marc:leader>00000nam a2200000 a 4500</marc:leader>
   <marc:datafield ind1="1" ind2=" " tag="100">
      <marc:subfield code="a">Steinleitner, Jörg</marc:subfield>
      <marc:subfield code="4">ctb</marc:subfield>
      <marc:subfield code="e">Mitwirkende/-r</marc:subfield>
   </marc:datafield>
   <marc:datafield ind1="1" ind2=" " tag="100">
      <marc:subfield code="a">Utecht, Daniela</marc:subfield>
      <marc:subfield code="4">ctb</marc:subfield>
      <marc:subfield code="e">Mitwirkende/-r</marc:subfield>
   </marc:datafield>
   <marc:datafield ind1=" " ind2=" " tag="653">
      <marc:subfield code="a">Kassette / Belletristik/Krimis</marc:subfield>
   </marc:datafield>
   <marc:datafield ind1=" " ind2=" " tag="653">
      <marc:subfield code="a">Thriller</marc:subfield>
   </marc:datafield>
   <marc:datafield ind1=" " ind2=" " tag="653">
      <marc:subfield code="a">Spionage</marc:subfield>
   </marc:datafield>
   <marc:datafield ind1=" " ind2=" " tag="653">
      <marc:subfield code="a">CD</marc:subfield>
   </marc:datafield>
   <marc:datafield ind1=" " ind2=" " tag="653">
      <marc:subfield code="a">Krimis</marc:subfield>
   </marc:datafield>
   <marc:datafield ind1="0" ind2="0" tag="245">
      <marc:subfield code="a">Räuberdatschi</marc:subfield>
   </marc:datafield>
   <marc:datafield ind1="0" ind2="0" tag="245">
      <marc:subfield code="b">ein Fall für Anne Loop</marc:subfield>
   </marc:datafield>
   <marc:datafield ind1="0" ind2="0" tag="245">
      <marc:subfield code="c">Jörg Steinleitner. Gelesen von Jörg Steinleitner. Regie: Daniela Utecht</marc:subfield>
   </marc:datafield>
   <marc:datafield ind1=" " ind2="1" tag="264">
      <marc:subfield code="a">Leipzig</marc:subfield>
      <marc:subfield code="b">Lagato</marc:subfield>
      <marc:subfield code="c">2013</marc:subfield>
   </marc:datafield>
   <marc:datafield ind1="1" ind2=" " tag="520">
      <marc:subfield code="a">Angaben aus der Verlagsmeldung

Räuberdatschi / von Jörg Steinleitner

Es ist Rosstag an dem See inmitten von Bergen. Doch während die anderen feiern, kidnappt ein junges, internationales Verbrecherpaar die Putzfrau und den Filialleiter der Bank. Die Bankräuber kapern das kleine Institut am See. Natürlich ist die Polizei bemüht, jedes Aufsehen zu vermeiden. Doch die Videobotschaften, die über das Internet von der Bank nach außen dringen, entfalten schon bald globale Wirkung: Nach wenigen Tagen fordert der chinesische Staatspräsident die Bundeskanzlerin dringlichst zum Handeln auf. Polizeipanzer fahren vor, aber die Bankräuber haben Sympathisanten: Fans aus aller Welt bevölkern das idyllische Bergtal und anonyme Unterstützer unterwandern es. Als publik wird, dass sich eine Geisel – es ist der demenzkranke Finanzbeamte a.D. Dieter Jungke – auf die Seite der Geiselnehmer geschlagen hat, und nachdem der erste Sturm auf die Bank durch die GSG9 erfolglos geblieben ist, schlägt die Stunde von Bayerns heißester Polizistin: Anne Loop begibt sich in Gefahr.
</marc:subfield>
   </marc:datafield>
   <marc:datafield ind1=" " ind2=" " tag="020">
      <marc:subfield code="a">9783942748384</marc:subfield>
      <marc:subfield code="9">9783942748384</marc:subfield>
   </marc:datafield>
   <marc:datafield ind1=" " ind2=" " tag="041">
      <marc:subfield code="a">ger</marc:subfield>
   </marc:datafield>
   <marc:datafield ind1=" " ind2=" " tag="300">
      <marc:subfield code="a">4 CDs (5 Std. 17 Min.)</marc:subfield>
   </marc:datafield>
</marc:record>
